Loading...
Beliefs | 0 | 6 | 0 | 2 | 60 | 121 | 145.33 | 0 | 2 |
Fine Arts - Classical Music and Opera | 0 | 3 | 1 | 0 | 25 | 92 | 129.00 | 1 | 1 |
Social Science | 0 | 2 | 0 | 1 | 20 | 149 | 149.50 | 0 | 0 |
History - European History | 0 | 2 | 0 | 0 | 20 | 100 | 107.50 | 0 | 1 |
Literature - European Literature | 0 | 2 | 0 | 0 | 20 | 158 | 160.00 | 0 | 0 |
Literature - World Literature | 0 | 2 | 0 | 0 | 20 | 126 | 130.00 | 0 | 0 |
Other Academic | 0 | 2 | 0 | 1 | 20 | 103 | 124.50 | 0 | 0 |
Fine Arts - Other Fine Arts | 1 | 0 | 0 | 0 | 15 | 77 | 77.00 | 0 | 1 |
Literature - American Literature | 0 | 1 | 0 | 0 | 10 | 113 | 113.00 | 0 | 0 |
Science - Chemistry | 0 | 1 | 0 | 0 | 10 | 140 | 140.00 | 0 | 0 |
History - Other History | 0 | 1 | 0 | 0 | 10 | 129 | 129.00 | 0 | 0 |
Science - Astronomy | 0 | 1 | 0 | 0 | 10 | 148 | 148.00 | 0 | 0 |
Geography | 0 | 1 | 0 | 1 | 10 | 136 | 136.00 | 0 | 0 |
Science - Biology | 0 | 1 | 0 | 0 | 10 | 91 | 91.00 | 0 | 0 |
History - World History | 0 | 1 | 0 | 1 | 10 | 144 | 144.00 | 0 | 0 |
Philosophy | 1 | 0 | 1 | 0 | 10 | 45 | 45.00 | 0 | 1 |
Modern World | 0 | 1 | 1 | 0 | 5 | 93 | 93.00 | 0 | 1 |
Literature - British Literature | 0 | 1 | 1 | 0 | 5 | 130 | 130.00 | 0 | 0 |
Science - Physics | 0 | 0 | 0 | 0 | 0 | 0.00 | 0 | 0 | |
Fine Arts - Visual Fine Arts | 0 | 0 | 2 | 0 | -10 | 0.00 | 0 | 0 |